000 00350nam a2200121Ia 4500
008 250110s9999 xx 000 0 und d
041 _aeng
100 _aThanawala Ishaa
_9182648
245 _aFive Star Resort Near Mahabaleshwar
260 _bFinal Year B.Arch ID, Pune
_c2014
300 _a84p
700 _aGuide Name: Pethe Sandeep
_9210323
999 _c363515
_d363515